00866nam a22002537a 450000500170000001000130001702000230003003500130005303700160006604000120008208200160009410000270011024500830013726000460022027000470026630000250031350000200033865000210035865000330037970000290041294200250044199900190046695201270048520170124110052.0 aB-061286 c175.00a8120319214 aB-061286 bCen Lib/Ret aDPLbEN a657.45bRAV aRavindra Kumar 925588 aFundamentals of practical auditing /cby Ravindra kumar [and] Virendra sharma  aNew Delhi bPrentice Hall of india c2001 aM-97 connaught circus bNew Delhi e110001 axvi, 623p.c21cm(Hb) aIncludes index  aAuditing 988849 aPlanning and Process 925589 aSharma, Virendra 925590 2ddccENh657.45mRAV c129155d129155 00104070aLbLd2015-07-04eCen Lib/Retg175.00l0o657.45 RAVpB-061286r2015-07-04 00:00:00t1v175.00w2015-07-04yEN